Trifouilly-les-Oies - Choix multiples - Statistiques

Statistiques générales
  • Ce quiz a été pris 11 fois
  • Le résultat moyen est 4 sur 10
Statistiques - réponses
Question Réponse % Correct
En Mathématiques Inversées, 2+2= ? Mouton
82%
Quelle célèbre bataille s'est déroulée à Trifouilly-les-Oies en cinquante-douze pendant Jésus Crie ? La bataille de Trifouilly-les-Oies
64%
Qu'est-ce que le C.U.D.T.O. ? La Communauté Urbaine de Derrière Triffouilly-les-Oies
64%
Laquelle de ces spécialités Trifouilly-les-Oies N'est-elle PAS le berceau ? Le bortsch au Yack de Pétaouchnok
55%
Quelle est la fonction du Grand Prêtre du Non-Sens, suiveur spirituel de Trifouilly-les-Oies ? Répondre “Peut-être, mais pas sûr”
45%
Quel animal est emblématique de la commune ? Le poulet à quatre dimensions
36%
Laquelle de ces danses provient de Trifouilly-les-Oies ? Le sturdy
27%
Pourquoi Trifouilly-les-Oies est-elle très connue dans le milieu de la paléontologie ? Elle est fondée sur un dépôt de matière fécale du Jurassique antérieur
18%
Quel évènement majeur se tient chaque année à Trifouilly-les-Oies ? Le Grand Festival de l'Hésitation
18%
Dans quel département et région se situe Trifouilly-les-Oies ? Rhône-et-Garonne, dans la région Bretagne-Provence
18%
Aucun quiz correspondant
Distribution des résultats
% des personnes avec chaque résultat
Percentile par nombre de réponses
Votre historique - résultats
Vous n’avez pas pris ce quiz